[Event "Montreal Lawson Memorial"]
[Site "Montreal"]
[Date "2002.12.21"]
[Round "2"]
[White "Dufour, Patrick"]
[Black "Belanger, Martin"]
[Result "1-0"]
[WhiteElo "1152"]
[BlackElo "1361"]
[PlyCount "105"]
[EventDate "2002.12.20"]
[EventType "swiss"]
[EventRounds "4"]
[EventCountry "CAN"]
[SourceTitle "EXT 2006"]
[Source "ChessBase"]
[SourceDate "2005.11.24"]
[SourceVersion "1"]
[SourceVersionDate "2005.11.24"]
[SourceQuality "1"]

1. d4 d5 2. e3 Nf6 3. Bd3 Nc6 4. c3 e5 5. Nd2 e4 6. Be2 Bd6 7. c4 dxc4 8. Bxc4 Qe7 9. f3 exf3 10. Ndxf3 Bg4 11. Qd3 0-0 12. Bd2 Nb4 13. Qb3 Ne4 14. a3 Nxd2 15. Nxd2 Nc6 16. Ne2 Bxe2 17. Bxe2 Qh4+ 18. Kd1 b6 19. Qd5 Ne7 20. Qh5 Qxh5 21. Bxh5 Nf5 22. Nc4 b5 23. Nxd6 cxd6 24. Kd2 Rae8 25. Rhe1 Re7 26. Re2 Rfe8 27. Rae1 a5 28. Kd3 g6 29. Bf3 Ng7 30. Bc6 Rb8 31. b4 axb4 32. axb4 Rc7 33. Rc2 Rb6 34. Bf3 Rxc2 35. Kxc2 Ne6 36. Ra1 Ng5 37. Be2 Ne4 38. Ra5 Rc6+ 39. Kb2 Rc3 40. Ra3 Rc8 41. Bxb5 Rb8 42. Ra5 f5 43. Bc4+ Kg7 44. b5 h5 45. Bd5 Nf6 46. Ra7+ Kh6 47. Rb7 Re8 48. Bf3 Rxe3 49. Rf7 Nh7 50. b6 Re8 51. b7 Rb8 52. Rc7 Nf6 53. Bc6 1-0

[Event "Montreal Lawson Memorial"]
[Site "Montreal"]
[Date "2002.12.21"]
[Round "3"]
[White "Dufour, Patrick"]
[Black "Lawson, Jonathan"]
[Result "1/2-1/2"]
[WhiteElo "1152"]
[BlackElo "1741"]
[PlyCount "89"]
[EventDate "2002.12.20"]
[EventType "swiss"]
[EventRounds "4"]
[EventCountry "CAN"]
[SourceTitle "EXT 2006"]
[Source "ChessBase"]
[SourceDate "2005.11.24"]
[SourceVersion "1"]
[SourceVersionDate "2005.11.24"]
[SourceQuality "1"]

1. e4 e5 2. Nf3 Nc6 3. Bb5 Bc5 4. c3 f5 5. exf5 e4 6. Qe2 Qe7 7. Ng1 Nf6 8. d4 exd3 9. Qxe7+ Nxe7 10. Nf3 c6 11. Bxd3 d5 12. Nbd2 Nxf5 13. 0-0 0-0 14. Nb3 Bb6 15. h3 Ng3 16. Re1 Nge4 17. Be3 c5 18. Nbd2 Nxd2 19. Nxd2 Bd7 20. f3 Rfe8 21. Bf2 Bc6 22. Kf1 Kf7 23. Rxe8 Rxe8 24. Re1 Rxe1+ 25. Kxe1 Ke6 26. Nf1 d4 27. cxd4 cxd4 28. Ke2 Nd5 29. Bg3 h6 30. a3 g5 31. Bc4 Kf5 32. Bd3+ Kf6 33. Bc4 Nf4+ 34. Bxf4 gxf4 35. Kd3 Ke5 36. b3 a6 37. Bf7 Bc5 38. a4 b5 39. axb5 axb5 40. Nh2 Kf6 41. Bg8 Kg7 42. Be6 Kf6 43. Bg8 Kg7 44. Be6 Kf6 45. Bg8 1/2-1/2